|
|
|
|
| LEADER |
00000cam a2200000 7i4500 |
| 001 |
0000004023 |
| 005 |
20151009.0 |
| 020 |
0 |
0 |
|a 9789675221996
|
| 090 |
0 |
0 |
|a 588.09595
|b MOS 2013
|
| 245 |
0 |
0 |
|a A revised moss checklist of Peninsular Malaysia and Singapore
|c K.T.Yoong..[et.all] (Research Pamplets: no.133)
|
| 260 |
0 |
0 |
|a Kepong, Selangor :
|b FRIM ,
|c 2013
|
| 300 |
|
|
|a ix.152 p :
|b ill. ;
|c 26cm.
|
| 650 |
0 |
0 |
|a Mosses---Malaysia
|
| 650 |
0 |
0 |
|a Mosses---Singapore
|
| 700 |
1 |
1 |
|a Ho, B.C
|
| 700 |
1 |
1 |
|a Ho, Q.Y
|
| 700 |
1 |
1 |
|a Mohamed, H
|
| 700 |
1 |
1 |
|a Tan, B,C
|
| 700 |
1 |
1 |
|a Yong, K.T
|
| 710 |
1 |
1 |
|a FRIM
|
| 998 |
|
|
|a JPSM
|
| 999 |
|
|
|a 007838
|b Monograph
|c Open Shelf
|e Default branch
|
| 999 |
|
|
|a 007849
|b Monograph
|c Open Shelf
|e Default branch
|